000 00692nam a22002297a 4500
005 20170124105951.0
010 _aB-160889
020 _c495.00
_a9798170999408
035 _aB-160889
037 _bCen Lib/Ret
040 _aDPL
_bEN
082 _a332.1
_bRUR
245 _aRural banking and overdues management /
_cedited by A. Ranga Reddy
260 _aNew Delhi
_bMittal Publication
_c2004
270 _bNew Delhi
_aA-110, mohan garden
_e110059
300 _axii, 262p. :
_c21cm(Hb)
500 _aIncludes index
650 _aEconomics
_980975
650 _aBanking management
_980976
700 _aReddy, A. Ranga
_980977
942 _2ddc
_cEN
_h332.1
_mRUR
999 _c125270
_d125270